[Event "NOR-chT 2018"]
[Site "Bergen"]
[Date "2018.05.13"]
[Round "6"]
[White "Grandelius, Nils"]
[Black "Ostenstad, Berge"]
[Result "1-0"]
[WhiteElo "2651"]
[BlackElo "2442"]
[Annotator "TA"]
[PlyCount "71"]
[EventDate "2018.??.??"]
[EventCountry "NOR"]
[SourceTitle "playchess.com"]
[Source "ChessBase"]
[SourceQuality "1"]

{[%evp 13,71,-6,33,33,30,19,19,19,19,29,23,14,18,25,14,0,33,30,31,38,44,33,34,0,0,0,-7,0,0,0,0,0,37,42,1,10,3,-23,-16,-30,0,0,12,30,122,117,126,135,410,13,24,8,8,9,15,10,37,46,106,92]} 1. e4 e6 2. d4 d5 3. Nd2 Be7 4. e5 c5 5. c3 cxd4 6. cxd4 {C03: French Tarrasch: Unusual Black 3rd moves} Qb6 7. Ndf3 Bd7 {LiveBook: 4 Games} (7... Bb4+ 8. Bd2 Nc6 9. Bc3 Bd7 10. Qd2 f6 11. Bd3 Nge7 12. Ne2 Bxc3 13. bxc3 fxe5 14. Nxe5 Nxe5 15. dxe5 {1-0 (65) Mamedov,R (2680)-Anton Guijarro,D (2654) Kocaeli 2017}) 8. Bd3 {White is slightly better.} Bb5 $146 ({Predecessor:} 8... Nc6 9. Ne2 Nb4 10. Bb1 Bb5 11. O-O Qa6 12. Re1 Nd3 13. Bxd3 Bxd3 {0-1 (63) Sanchez Jerez,E (2155)-Ladron de Guevara Pinto,P (2410) Las Palmas 2017}) 9. Bxb5+ Qxb5 10. Ne2 Bb4+ 11. Kf1 Ne7 12. g3 {[%cal Bg2g3,Bg3g4,Bg4g5][%mdl 32]} Ba5 13. Kg2 O-O 14. Rb1 a6 15. h4 Qd7 16. h5 h6 17. g4 Nbc6 18. Ng3 {next g5 is good for White.} f6 $1 {[%cal Rf6e5]} 19. exf6 Rxf6 20. g5 Rf7 21. b4 $1 {[%cal Rb4a5]} ({Of course not} 21. gxh6 Raf8 $15) 21... Raf8 22. Rb3 $1 Bxb4 23. gxh6 Bd6 24. hxg7 Kxg7 25. Rh4 Kh8 26. Qd2 Ng8 27. a4 Qe7 {Threatens to win with ...Rxf3!} 28. Rg4 Rg7 (28... Nf6 $11 {keeps the balance.} 29. Rg6 Ne4) 29. Rxg7 $1 $16 Qxg7 {[#]} 30. Nh4 $1 $36 {[%cal Rh4g6][%mdl 2048] White is on the roll.} Bf4 $2 {[%mdl 8192]} (30... Nge7 $16) 31. Ng6+ $2 ({Only move:} 31. Qc2 $18 {And now Ng6+ would win.} Nge7 32. Rxb7 Bxg3 33. Ng6+ (33. fxg3 Qg4 $18) 33... Qxg6 34. hxg6 Rxf2+ 35. Qxf2 Bxf2 36. Kxf2) 31... Qxg6 $1 $11 32. hxg6 Bxd2 33. Rxb7 {[%csl Gg6][%cal Rb7h7]} Nge7 34. Bxd2 {Strongly threatening Bb4.} Nxg6 35. Bh6 Re8 {[#]} (35... Rb8 $14 36. Rc7 Nge7) 36. Bg5 $1 {Precision: White = 63%, Black = 43%.} 1-0

[Event "NOR-chT 2018"]
[Site "Bergen"]
[Date "2018.05.13"]
[Round "6"]
[White "Christiansen, Johan-Sebastian"]
[Black "Aulin-Jansson, Joran"]
[Result "1/2-1/2"]
[WhiteElo "2499"]
[BlackElo "2287"]
[Annotator "TA"]
[PlyCount "70"]
[EventDate "2018.??.??"]
[EventCountry "NOR"]
[SourceTitle "playchess.com"]
[Source "ChessBase"]
[SourceQuality "1"]

{[%evp 20,70,22,0,85,87,80,63,84,85,87,79,91,76,71,75,145,160,247,243,294,280,312,237,272,0,0,0,0,0,0,0,0,0,0,0,0,0,0,0,0,0,95,5,15,15,32,0,106,111,118,0,558]} 1. e4 c5 2. Nf3 {[%cal Bg1f3,Bf3d4,Bd4b3,Bb3c5][%mdl 32]} d6 3. Nc3 Nf6 4. d4 cxd4 5. Nxd4 a6 6. f3 e5 7. Nb3 Be7 8. Be3 O-O 9. Qd2 Be6 10. O-O-O a5 11. Qe1 {LiveBook: 90 Games. B90: Sicilian Najdorf: Unusual White 6th moves, 6 Be3 Ng4 and 6 Be3 e5} a4 {[#]} (11... Qc7 $11 {remains equal.}) (11... Qc8 12. a3 Na6 13. Kb1 Nc7 14. g4 a4 15. Nc1 b5 16. N1a2 d5 17. g5 d4 18. gxf6 Bxf6 {1-0 (38) Jakovenko,D (2730)-Tsydypov,Z (2523) Khanty-Mansiysk 2017}) 12. Nc5 $1 $16 {[%mdl 512]} a3 {[#]} (12... dxc5 13. Rxd8) 13. b3 $1 {White is better.} ({Much worse is} 13. Nxe6 $6 axb2+ 14. Kxb2 fxe6 $11) 13... Nc6 14. Nxe6 $146 ({Predecessor:} 14. Kb1 Kh8 15. Nb5 Qb8 16. Nxe6 fxe6 17. Bc4 Ra5 18. Bb6 Ra6 {1-0 (45) Seyb,A (2176)-Bauer,A (2114) Bayern 2008}) 14... fxe6 15. Bc4 Qc8 16. Na4 Rxa4 17. bxa4 Nd4 (17... Kh8 $142) 18. Qb4 d5 (18... Nc6 $16 19. Qb5 Na5) 19. Qxe7 $18 Qxc4 {[%csl Gd4][%cal Rc4c2]} 20. Bxd4 $1 Rc8 {[%csl Gc8][%cal Rc4c2]} 21. Rd2 ({Resist} 21. Qxe6+ $6 Kh8 $18) 21... exd4 {[#]} 22. Qxa3 $2 ({Not} 22. Qxe6+ Kh8 $16) (22. e5 $1 $18 Ne8 23. Qxe6+ Kf8 24. Qf5+ Kg8 25. Rxd4) 22... dxe4 $11 23. Qb3 e3 $36 {[%mdl 2048] [#] Black is more active.} 24. Rxd4 $1 {[%mdl 512]} Qxd4 25. Qxe6+ Kh8 $1 {[%cal Rd4a1]} 26. Qxc8+ {[%mdl 4096] Endgame KQR-KQN} Ng8 {[%cal Rd4a1]} 27. Qxb7 {Strongly threatening Rd1.} e2 28. a5 Qa1+ $1 29. Qb1 Qc3 30. Qb6 {White wants to play Qg1.} e1=Q+ 31. Rxe1 Qxe1+ 32. Kb2 {f4 is the strong threat.} Qe5+ 33. Kb1 {Black must now prevent f4.} Ne7 (33... Qe1+ $1 $11 34. Kb2 Qe5+ 35. Kc1 Qe1+ 36. Kb2) 34. a6 $16 Nc6 35. Qxc6 $4 {[%mdl 8192]} (35. a3 $16 Qe1+ 36. Kb2 Qe5+ 37. Kb1 Qe1+ 38. Kb2 Qe5+ 39. Kb3 Qd5+ 40. Kb2) 35... Qe1+ {[%mdl 32768] Precision: White = 55%, Black = 53%. . An unexpected result.} 1/2-1/2

[Event "NOR-chT 2018"]
[Site "Bergen"]
[Date "2018.05.13"]
[Round "6"]
[White "Salomon, Johan"]
[Black "Hammer, Jon Ludvig"]
[Result "1/2-1/2"]
[WhiteElo "2482"]
[BlackElo "2631"]
[Annotator "TA"]
[PlyCount "48"]
[EventDate "2018.??.??"]
[EventCountry "NOR"]
[SourceTitle "playchess.com"]
[Source "ChessBase"]
[SourceQuality "1"]

{[%evp 21,48,68,91,59,59,62,59,57,66,61,72,64,77,69,69,68,67,67,67,68,77,76,87,46,56,56,58,27,50]} 1. Nf3 d5 2. g3 g6 3. Bg2 Bg7 4. d4 Nf6 5. O-O O-O 6. c4 dxc4 7. Na3 c3 8. bxc3 c5 9. Bb2 {D77: Fianchetto Grünfeld: 6 0-0: Replies other than 6...c6} Nc6 10. Re1 Bf5 (10... Nd5 11. Qc2 cxd4 12. Nxd4 Nf6 13. Nxc6 bxc6 14. c4 Bf5 15. Qc1 Qc7 16. Nc2 Rab8 {1-0 (39) Mamedyarov,S (2809)-Grischuk,A (2767) Berlin 2018}) 11. d5 Na5 {LiveBook: 3 Games} 12. Nd2 e5 $146 ({Much worse is} 12... Nxd5 $6 13. e4 $16) ({Predecessor:} 12... c4 13. e4 Bg4 14. Qa4 b5 15. Qc2 a6 16. h3 Bc8 {½-½ (44) Korpa,B (2433)-Berczes,D (2501) Budapest 2015}) 13. e4 Bd7 14. Nac4 Nxc4 15. Nxc4 Ne8 16. a4 b6 17. Bc1 Bc8 18. Be3 Ba6 19. Qb3 Bxc4 20. Qxc4 Nd6 21. Qe2 f5 22. exf5 gxf5 23. a5 Qf6 24. axb6 axb6 {Precision: White = 83%, Black = 90%.} 1/2-1/2

[Event "NOR-chT 2018"]
[Site "Bergen"]
[Date "2018.05.13"]
[Round "6"]
[White "Hauge, Lars Oskar"]
[Black "Haug, Johannes"]
[Result "1/2-1/2"]
[WhiteElo "2433"]
[BlackElo "2387"]
[Annotator "TA"]
[PlyCount "127"]
[EventDate "2018.??.??"]
[EventCountry "NOR"]
[SourceTitle "playchess.com"]
[Source "ChessBase"]
[SourceQuality "1"]

{[%evp 25,127,-24,-35,-28,-29,-19,-10,-29,-52,-29,0,-83,47,0,0,0,2,-69,-58,-169,57,62,513,119,118,117,118,45,39,15,18,0,11,14,16,8,10,18,9,9,16,0,73,66,59,55,76,100,74,76,110,90,204,198,177,188,210,199,177,148,139,146,253,252,517,239,231,225,176,182,273,254,253,172,270,248,170,0,0,0,0,0,0,0,0,0,0,-55,0,0,0,0,0,0,0,0,0,0,0,0,0,0,0,0]} 1. Nf3 Nf6 2. d4 e6 3. Bf4 d5 4. e3 c5 5. c3 Nc6 6. Nbd2 Bd6 7. Bg3 O-O 8. Bd3 b6 9. e4 {D02: 1 d4 d5 2 Nf3 sidelines, including 2...Nf6 3 g3 and 2...Nf6 3 Bf4} Be7 {[%cal Bd6e7,Be7g5,Bg5h6,Bh6g7][%mdl 32]} 10. e5 Nh5 11. Ng5 (11. Nf1 cxd4 12. Nxd4 Nxd4 13. cxd4 g6 14. Ne3 f5 15. exf6 Bxf6 16. Be2 Nxg3 17. hxg3 {½-½ (37) Nakamura,H (2787)-Svidler,P (2760) Moscow 2018}) 11... Bxg5 12. Qxh5 g6 13. Qe2 cxd4 {LiveBook: 11 Games} 14. h4 Bh6 15. h5 {[#]} Bg7 $146 ({Predecessor:} 15... dxc3 16. bxc3 Bg7 {0-1 (37) Gurevich,D (2483)-Obregon,C (2514) chess.com INT 2018}) 16. Nf3 dxc3 17. bxc3 Bd7 18. hxg6 (18. Bf4 $11) 18... hxg6 (18... fxg6 $17 19. Nd4 Qg5 20. Nxc6 Bxc6) 19. Qe3 {And now Bh4 would win.} Qe7 $1 20. Bh4 Qa3 $1 {[%cal Ra3c3]} 21. O-O (21. Be2 $11) 21... Qc5 $15 22. Qf4 (22. Qe1 $15) 22... f5 $2 (22... Qxc3 $19 23. Bb5 Nxe5) 23. exf6 Qxc3 $2 {[%mdl 8192]} (23... Qe7 $1 $14) 24. Bxg6 $2 (24. Qc7 $18 {and White stays clearly on top.} Qxd3 25. Qxd7 Bxf6 26. Qxe6+ (26. Qxc6 Bxa1 27. Qxe6+ Kh8 $18) 26... Kg7 27. Qxc6 Bxa1 28. Rxa1) 24... Rxf6 $16 25. Bxf6 Qxf6 26. Qxf6 ({White should try} 26. Qg4 $16) 26... Bxf6 $14 27. Rac1 Kf8 28. Bd3 Ke7 29. Bb5 Kd6 30. Rfd1 $36 {[%mdl 2048] White fights for an advantage.} a6 31. Bxc6 Bxc6 32. Nd2 Kd7 33. Nc4 Rb8 (33... Kc7 $1 $11 {keeps the balance.} 34. Ne3 Rg8) 34. f4 $16 Ba4 35. Rd2 Ke7 36. Ne5 Kd6 37. Re1 Be8 38. g4 {[%cal Bg2g4,Bg4g5][%mdl 32]} b5 (38... Bg7 $16) 39. g5 $18 Bxe5 40. fxe5+ {[%mdl 4096] Endgame KRR-KRB} ({Don't play} 40. Rxe5 $6 Bg6 $14) 40... Kd7 41. Rh2 {Hoping for Rh6.} Bg6 42. Rh6 Rg8 43. Kf2 Bf5 (43... a5 $16 44. Ke3 Kc6) 44. Rg1 d4 $2 (44... Bg6 {was worth a try.} 45. Ke3 b4) 45. Rh4 (45. g6 $142) 45... d3 46. Ke3 Kc6 47. Rd4 Kc5 (47... a5 {keeps fighting.} 48. Rc1+ Kb7 49. Rd7+ Kb6 50. Rd6+ Kb7) 48. Rc1+ Kb6 49. Kf4 Rh8 {[#]} (49... Ka5 $142 50. Rg1 b4) 50. Rd6+ $1 Ka5 {[#]} 51. Rcc6 $2 ({White should play} 51. Rg1 $1 $18 {g6 is the strong threat.} Rh4+ 52. Kf3 Rh3+ 53. Kf2) 51... Kb4 $11 52. Rd4+ Ka3 {White must now prevent ...Rh4+.} 53. Rxa6+ Kb2 {Threatens to win with ...Rh4+.} 54. Rdd6 Rh4+ 55. Kf3 Rh3+ 56. Kg2 (56. Kf4 $11) 56... Rh5 ({Better is} 56... Re3 $1 $15) 57. Rab6 {The position is equal.} Rxg5+ 58. Kf2 Rh5 59. Rxb5+ Kc2 60. Rc6+ Kd2 61. Rb2+ Kd1 {Strongly threatening ...Rh2+.} 62. Rb1+ Kd2 63. Rb2+ Kd1 64. Rb1+ {Precision: White = 54%, Black = 47%.} 1/2-1/2

[Event "NOR-chT 2018"]
[Site "Bergen"]
[Date "2018.05.13"]
[Round "6"]
[White "Haldorsen, Benjamin"]
[Black "Fuglestein, Sander"]
[Result "1-0"]
[WhiteElo "2419"]
[BlackElo "1837"]
[Annotator "TA"]
[PlyCount "73"]
[EventDate "2018.??.??"]
[EventCountry "NOR"]
[SourceTitle "playchess.com"]
[Source "ChessBase"]
[SourceQuality "1"]

{[%evp 23,73,28,37,-23,26,41,57,59,89,58,69,41,73,30,111,92,182,175,330,337,843,828,877,220,229,196,308,308,309,296,313,316,311,308,339,341,341,327,323,310,367,398,358,286,338,330,337,337,335,318,976,968]} 1. e4 c6 2. d4 d5 3. Nd2 dxe4 4. Nxe4 Nf6 5. Nxf6+ exf6 6. c3 Bd6 7. Bd3 O-O 8. Qc2 Re8+ {B15: Caro-Kann: 3 Nc3: 3...g6 and 3...dxe4 4 Nxe4 Nf6 5 Nxf6+ exf6} 9. Ne2 h5 (9... g6 10. h4 Nd7 11. h5 Nf8 12. Be3 Be6 13. O-O-O a5 14. Kb1 a4 15. hxg6 fxg6 16. c4 Bf7 17. Nc3 a3 18. b3 f5 {0-1 (29) Saric,I (2669)-Jobava,B (2690) Riadh 2017}) 10. Be3 Nd7 11. O-O-O Nf8 12. Kb1 Be6 {LiveBook: 6 Games} 13. Ng3 ({White should try} 13. c4 $14) 13... b5 $146 ({Predecessor:} 13... g6 14. Bh6 f5 15. Bc1 b5 16. Ne2 a5 {0-1 (31) Dahl,T (2193)-Hansen,T (2397) Kristiansund 2017}) 14. Be4 Qc7 15. Nxh5 a5 16. d5 cxd5 17. Bxd5 Rab8 18. Bxe6 fxe6 (18... Nxe6 $11 19. Rd5 Red8) 19. Rd3 $16 Rec8 (19... b4 $16 {might work better.}) 20. Rhd1 $36 {[%mdl 2048] Keeping Black busy.} Bc5 $2 (20... Rd8 21. h3 Be7) 21. Bf4 e5 $2 {[#]} (21... Qf7 22. Bxb8 Qxh5) 22. Bh6 $1 {[%mdl 512]} gxh6 {[#]} 23. Nxf6+ $2 (23. Rd7 $1 {[%mdl 512] White wants to mate with Qb3+.} Rb6 (23... Qxd7 24. Nxf6+) 24. Qb3+ Re6 25. Nxf6+ Kh8 26. Rxc7 Rxc7 27. Ne4) 23... Kg7 24. Nd7 {[%cal Bf6d7,Bd7c5,Bc5d3][%mdl 32]} Rd8 (24... Be7 $142) 25. Nxc5 ({Don't play} 25. Nxb8 $6 Rxb8 26. Rd5 Be7 $18) 25... Rxd3 26. Nxd3 e4 27. Nc1 Re8 28. Qe2 Qxh2 29. Qxb5 Re5 30. Qb8 Qh5 31. g4 Re8 32. gxh5 Rxb8 33. Re1 Rb5 34. Rxe4 Rxh5 35. Nd3 Kf6 36. Kc2 Ne6 $2 {[#]} (36... Rf5 37. a4 h5) 37. Rxe6+ $1 {Precision: White = 58%, Black = 28%.} 1-0

[Event "NOR-chT 2018"]
[Site "Bergen"]
[Date "2018.05.13"]
[Round "6"]
[White "Getz, Nicolai"]
[Black "Tryggestad, Andreas Garberg"]
[Result "1-0"]
[WhiteElo "2411"]
[BlackElo "2251"]
[Annotator "TA"]
[PlyCount "101"]
[EventDate "2018.??.??"]
[EventCountry "NOR"]
[SourceTitle "playchess.com"]
[Source "ChessBase"]
[SourceQuality "1"]

{[%evp 19,101,15,19,-2,9,8,43,37,41,31,43,22,69,16,128,115,115,111,124,119,149,135,147,131,120,127,123,127,120,135,130,136,124,123,166,169,170,187,219,210,218,215,302,302,279,304,298,293,353,333,360,298,290,295,304,299,956,938,12838,578,576,576,556,562,518,557,539,509,960,988,669,480,454,402,515,196,196,189,182,95,12834,12835,12849,12850]} 1. e4 c5 2. Nf3 e6 3. d4 cxd4 4. Nxd4 Nc6 5. Nc3 Qc7 6. Be3 Nf6 7. f4 {B48: Sicilian: Taimanov: 5 Nc3 Qc7 6 Be3 a6 without Be2} d6 8. Be2 Be7 9. Ndb5 Qb8 10. a4 O-O {LiveBook: 3 Games} 11. Bf3 Rd8 12. O-O b6 $146 ({Predecessor:} 12... Bd7 13. Kh1 {½-½ (13) Wang,H (2715)-Vitiugov,N (2710) Dagomys 2010}) 13. Qe2 {e5 is the strong threat.} Bb7 14. Rad1 Nb4 15. Bd4 Nd7 16. Qf2 (16. f5 $14) 16... Nc5 (16... d5 $11 {remains equal.}) 17. Bxg7 $1 $16 (17. Qg3 $6 g6 $11) 17... Kxg7 18. Qd4+ Bf6 19. Qxb4 a6 {[#]} 20. Nxd6 $1 {[%mdl 512]} Rxd6 21. Rxd6 Qxd6 22. e5 a5 23. Qc4 (23. exd6 $2 axb4 24. Bxb7 Nxb7 $19) 23... Bxe5 24. fxe5 Qxe5 25. Bxb7 Nxb7 26. Qg4+ $1 Kf8 27. Qf3 $36 {[%csl Gf1][%cal Rf3f7][%mdl 2048] White has strong initiative.} Qc5+ 28. Kh1 {[%csl Gf1][%cal Rf3f7]} Qf5 {[#]} 29. Qe2 $1 (29. Qxf5 $6 exf5 30. Nd5 (30. Rxf5 Re8 $16) 30... Rd8 $16) 29... Qg6 30. Qb5 Nd6 (30... Re8 $142 31. Qxb6 Re7) 31. Qc6 $18 (31. Qxb6 Nf5 $18) 31... Rd8 32. Qxb6 Rd7 33. Qxa5 Nf5 {intending ...Ng3+.} 34. Qc5+ Kg7 35. Qf2 Qg4 36. a5 Qb4 {[#]} 37. g4 $1 Qxb2 $2 (37... Nd6 38. a6 Kf8) (37... Qxg4 38. Rg1) 38. gxf5 Qxc3 {[%mdl 4096] Endgame KQR-KQR} 39. Qg2+ (39. f6+ $142 Kf8 40. Qg2) 39... Kf6 40. fxe6+ Kxe6 41. Qg4+ Ke7 42. Rxf7+ Kxf7 43. Qxd7+ {KQ-KQ} Kf6 (43... Kg8 $142 44. Qf5 Qd2) 44. Qd6+ Kf7 45. Qf4+ Ke7 46. Qe4+ Kf6 47. Qh4+ $2 (47. Kg2 {Black must now prevent Qf3+.} Qxa5 48. Qxh7) 47... Ke6 {[#]} 48. Qh6+ $1 (48. Qxh7 Qe1+ 49. Kg2 Qe2+ 50. Kh3 Qe3+ 51. Kg4 Qe2+ 52. Kf4 Qf2+ 53. Kg4 (53. Kg5 Qd2+ 54. Kg6 Qxc2+ 55. Kh6 Qxh2+ 56. Kg7 Qe5+ 57. Kg6 Qf5+ 58. Kh6 Qxh7+ 59. Kxh7 Kd7 $11) 53... Qg2+ 54. Kh5 Qxh2+ 55. Kg6 Qxc2+ 56. Kh6 Qd2+ 57. Kg6 Qd3+ 58. Kh6 Qd2+ 59. Kg6 Qxa5 $11) 48... Kd5 49. Qg5+ ({And not} 49. Qxh7 Qe1+ 50. Kg2 Qe2+ 51. Kg3 Qe3+ 52. Kg4 Qg1+ 53. Kf4 Qc1+ 54. Kg4 Qd1+ 55. Kg3 Qe1+ 56. Kh3 Qe6+ 57. Kg3 Qe3+ 58. Kg4 Qe2+ 59. Kf4 Qf2+ 60. Kg4 (60. Kg5 Qg1+ 61. Kf6 Qd4+ 62. Kf7 Qa7+ 63. Kg8 Qb8+ 64. Kf7 Qa7+ 65. Kg8 Qb8+ 66. Kg7 Qe5+ 67. Kf7 Qc7+ 68. Kg6 Qxc2+ 69. Kh6 Qxh2+ 70. Kg7 Qxh7+ 71. Kxh7 Kd6 $11) 60... Qg2+ 61. Kh5 (61. Kf4 Qd2+ 62. Kf3 Qd1+ 63. Kg3 Qg1+ 64. Kf3 Qf1+ 65. Kg3 Qe1+ 66. Kg2 Qe2+ 67. Kh3 Qe3+ 68. Kg4 $11) 61... Qxh2+ 62. Kg6 Qxc2+ 63. Kh6 Qd2+ 64. Kg7 Qc3+ 65. Kh6 Qd2+ 66. Kg7 Qc3+ 67. Kg8 Qc8+ 68. Kg7 Qc3+ $11) (49. Qh5+ $18 Kc6 50. Qe8+ (50. Qxh7 Qe1+ 51. Kg2 Qe2+ 52. Kh3 Qe3+ 53. Kg4 Qe2+ 54. Kf4 Qf2+ 55. Kg4 Qg2+ 56. Kf4 Qf2+ 57. Ke5 Qc5+ 58. Ke6 Qe3+ 59. Kf5 Qf2+ 60. Kg4 Qe2+ 61. Kg5 Qe3+ 62. Kf5 Qf2+ 63. Kg4 $11) 50... Kc7 51. Qf7+ Kc6 52. a6 (52. Qxh7 Qe1+ 53. Kg2 Qe2+ 54. Kg3 Qe3+ 55. Kg4 Qe2+ 56. Kg5 Qd2+ 57. Kf6 Qd4+ 58. Kf5 Qf2+ 59. Kg6 Qxc2+ 60. Kg7 Qb2+ 61. Kg6 Qc2+ 62. Kh6 Qxh2+ 63. Kg7 Qe5+ 64. Kg6 Qxa5 $11)) 49... Ke6 $2 {[%mdl 8192]} (49... Kc4 $16) 50. Qg8+ Kd6 51. Qg3+ {Precision: White = 65%, Black = 30%.} 1-0

[Event "NOR-chT 2018"]
[Site "Bergen"]
[Date "2018.05.13"]
[Round "6"]
[White "Tisdall, Jonathan D"]
[Black "Tari, Aryan"]
[Result "0-1"]
[WhiteElo "2402"]
[BlackElo "2603"]
[Annotator "TA"]
[PlyCount "44"]
[EventDate "2018.??.??"]
[EventCountry "NOR"]
[SourceTitle "playchess.com"]
[Source "ChessBase"]
[SourceQuality "1"]

{[%evp 12,44,9,8,19,6,20,9,18,19,20,9,18,-25,18,-20,-10,-70,-59,-47,-39,-51,-47,-92,-84,-97,-28,-61,-68,-289,-247,-251,-89,-916,-913]} 1. Nf3 d5 2. b3 Bg4 3. Bb2 Bxf3 4. gxf3 Nf6 5. e3 Nbd7 6. c4 {A06: Réti Opening:1 Nf3 d5} c6 7. f4 {[%cal Bf3f4,Bf4f5][%mdl 32] LiveBook: 4 Games} g6 8. Qc2 $146 {The position is equal.} ({Predecessor:} 8. d3 Bg7 9. Nd2 e6 10. Qc2 O-O 11. Be2 a5 12. a3 {0-1 (43) Li,S (2510)-Vallejo Pons,F (2674) Khanty-Mansiysk 2005}) 8... Bg7 9. h4 {[%cal Bh2h4,Bh4h5][%mdl 32]} O-O 10. Be2 {[#]} b5 $1 {[%mdl 512]} 11. h5 (11. cxb5 cxb5) 11... bxc4 12. f5 {[%cal Rf5g6]} Ne4 13. Bxg7 (13. Nc3 {feels hotter.} Ndc5 14. Nxe4 Nxe4 15. hxg6 fxg6 16. fxg6 Bxb2 17. Qxb2 c3 18. dxc3 Rxf2 19. gxh7+ Kh8 20. O-O-O) 13... Kxg7 14. bxc4 (14. hxg6 $11 fxg6 15. Nc3) 14... e5 $15 15. Nc3 gxf5 16. cxd5 cxd5 17. Nxd5 Rc8 $36 {[%mdl 2048] Black is on the roll.} 18. Qb2 Rc5 ({Black should play} 18... Kh8 $17 19. Rd1 Rg8) 19. h6+ Kh8 20. Nf4 $2 {[#]} (20. Nc3 $15) 20... Qa5 $1 $19 21. Rb1 Rfc8 $2 (21... Rcc8 $19 {and Black stays clearly on top. And now ...Rb8 would win.} 22. Rd1 Rb8) 22. Bd3 $2 {[%mdl 8192] [#]} (22. Nd3 $17 Rc2 23. Qb4 Qxb4 24. Rxb4) 22... Rc2 $1 {[%mdl 512] Precision: White = 23%, Black = 38%.} 0-1

[Event "NOR-chT 2018"]
[Site "Bergen"]
[Date "2018.05.13"]
[Round "6"]
[White "Gullaksen, Eirik"]
[Black "Hagesather, Arne"]
[Result "1-0"]
[WhiteElo "2363"]
[BlackElo "2043"]
[Annotator "TA"]
[PlyCount "101"]
[EventDate "2018.??.??"]
[EventCountry "NOR"]
[SourceTitle "playchess.com"]
[Source "ChessBase"]
[SourceQuality "1"]

{[%evp 23,101,15,19,-34,-33,-35,-29,-30,-19,-35,-31,-25,0,-27,0,0,0,0,0,-17,68,78,125,120,166,134,123,132,129,125,317,285,285,-566,87,86,78,83,84,92,87,65,56,90,227,228,233,143,118,121,116,137,806,270,262,206,255,242,224,205,415,270,270,270,270,270,232,0,271,8,1156,1133,2464,2500,5177,5149,5097,4622,1681,901]} 1. e4 c6 2. d4 d5 3. Nc3 dxe4 4. Nxe4 Nf6 5. Nxf6+ exf6 6. c3 Bd6 7. Bd3 O-O 8. Qc2 Re8+ {B15: Caro-Kann: 3 Nc3: 3...g6 and 3...dxe4 4 Nxe4 Nf6 5 Nxf6+ exf6} 9. Ne2 h5 (9... g6 10. h4 Nd7 11. h5 Nf8 12. Be3 Be6 13. O-O-O a5 14. Kb1 a4 15. hxg6 fxg6 16. c4 Bf7 17. Nc3 a3 18. b3 f5 {0-1 (29) Saric,I (2669)-Jobava,B (2690) Riadh 2017}) 10. Be3 Nd7 11. O-O-O Nf8 12. Kb1 Be6 {LiveBook: 6 Games} 13. Nf4 (13. c4 $11) 13... Bxf4 $1 $15 14. Bxf4 b5 15. h3 $146 ({Predecessor:} 15. Be4 Bd5 16. Rhe1 Bxe4 17. Rxe4 {0-1 (52) Abrahamyan,T (2364)-Krush,I (2444) Saint Louis 2017}) 15... a5 16. Be4 Qd7 17. Rhe1 Re7 18. f3 f5 (18... Ng6 $5 19. Bh2 f5 $11) 19. Bxc6 Qxc6 {[#]} 20. d5 $1 {[%cal Rd5c6][%mdl 512]} Qc4 (20... Bxd5 21. Rxe7) 21. Bd6 Ree8 (21... Rd7 $1 $11 22. Rd4 (22. dxe6 Nxe6 23. Rd3 Rad8 $11) 22... Qc8 23. dxe6 Nxe6) 22. dxe6 $14 fxe6 23. Rd4 Qc8 24. Qb3 Qa6 25. Re5 b4 26. cxb4 Qf1+ $2 (26... axb4 $16 27. Bxf8 (27. Bxb4 Qf1+ 28. Re1 Qxg2 $14) 27... Kxf8) 27. Rd1 $18 Qxg2 28. Rxf5 $4 {[%mdl 8192]} (28. bxa5 $6 Kh8 $18) (28. Rxa5 $18 {and all is fine.} Rad8 29. Rc5) 28... Qxh3 $2 (28... Qg6 $19 29. b5 Qxf5+ 30. Qd3 Rad8 31. Qxf5 exf5) 29. Rg5 Nh7 30. Rxa5 Rxa5 31. bxa5 {a6 is the strong threat.} Qf5+ 32. Qc2 {Black must now prevent Qxf5.} Qxa5 33. b4 Qa8 (33... Qb6 $16 {might work better.}) 34. Qg6 {White threatens Rg1 and mate.} Qa4 35. Rc1 Nf6 36. Rg1 $1 {[%csl Gg1,LRf6,LRg7][%cal Rg6g7]} Qa7 37. Be5 $40 {[%mdl 128] White wants a kill.} Qf7 $2 {[%mdl 8192]} (37... Rf8 $16) 38. Bxf6 $2 (38. Qxf6 {[%cal Rg1g7]} Qxf6 39. Bxf6) 38... Qxg6+ 39. Rxg6 {[%mdl 4096] Endgame KRB-KR} Kf7 40. Rg5 ({Resist} 40. Rxg7+ $6 Kxf6 41. Rg3 Rc8 $16) 40... Kxf6 41. Rxh5 {KR-KR} g5 $2 (41... Rb8) 42. Kb2 e5 43. b5 e4 44. fxe4 Rxe4 45. Kb3 $2 (45. b6 $18) 45... g4 $2 {[%mdl 8192]} (45... Rh4 $1 $11 46. Rxh4 gxh4) 46. Rh8 $2 ({Better is} 46. a4 $18) 46... Re5 $2 {[%mdl 8192]} (46... Re7 $11) 47. a4 {White is clearly winning.} g3 {[#]} 48. Rf8+ $1 Ke6 49. Rg8 Re3+ 50. Kb4 Kd6 51. Rg7 {Precision: White = 47%, Black = 35%.} 1-0

[Event "NOR-chT 2018"]
[Site "Bergen"]
[Date "2018.05.13"]
[Round "6"]
[White "Nordquelle, Daniel"]
[Black "Mihajlov, Sebastian"]
[Result "0-1"]
[WhiteElo "2287"]
[BlackElo "2392"]
[Annotator "TA"]
[PlyCount "66"]
[EventDate "2018.??.??"]
[EventCountry "NOR"]
[SourceTitle "playchess.com"]
[Source "ChessBase"]
[SourceQuality "1"]

{[%evp 16,66,0,0,2,-17,-19,-12,-12,-26,-17,-24,-22,-48,-33,-36,12,12,12,14,11,17,21,0,0,-8,-15,-18,-10,-9,10,-43,-41,-131,-132,-172,-177,-180,-155,-202,-200,-200,-193,-1470,-844,-843,-841,-809,-775,-787,-796,-1058,-1061]} 1. e4 e5 2. Nf3 Nc6 3. Bc4 Bc5 4. O-O d6 5. d3 Nf6 6. a4 a5 7. c3 O-O 8. Na3 {C54: Giuoco Piano: 4 c3 Nf6, main lines with 5 d4 and 5 d3} h6 (8... Be6 9. Bxe6 fxe6 10. Nc2 Qe8 11. Be3 Bxe3 12. Nxe3 Rd8 13. Qe2 d5 14. Rfe1 Qg6 15. Nf1 Nh5 {½-½ (38) Anand,V (2782)-Ding,L (2777) Riadh 2017}) 9. h3 {LiveBook: 7 Games} Ne7 {[%cal Bc6e7,Be7g6,Bg6f4][%mdl 32]} 10. Nc2 {The position is equal.} Ng6 11. Re1 c6 12. Be3 Bxe3 13. Nxe3 Nf4 14. Bb3 $146 ({Predecessor:} 14. Qc2) 14... Re8 15. Bc2 Nh7 16. h4 Nf6 17. g3 Ng6 18. d4 Be6 19. dxe5 Nxe5 20. Nd4 Qb6 21. b3 Rad8 22. Kg2 Bc8 23. f4 ({White should play} 23. Qd2 $11) 23... Neg4 $15 24. Nc4 (24. Qd3 $15) 24... Qc5 $17 25. Qf3 {[#]} d5 $1 {[%cal Rd5c4]} 26. exd5 Nxd5 27. Be4 {[#]} Nxc3 $1 {[%mdl 512]} 28. Qxc3 {White wants to play Bf3.} Rxd4 29. Bxc6 $2 (29. Bf3 Red8 30. Ra2) 29... Qxc6+ {Black is clearly winning.} 30. Qf3 Qxf3+ 31. Kxf3 Rd3+ 32. Kg2 Be6 33. Kg1 Rxg3+ {Precision: White = 42%, Black = 72%.} 0-1